000 00656nam a2200193 i 4500
001 89214
003 ES-MaACL
005 20230906180119.0
007 t|
008 050105s1922 sp |||| | spa d
100 1 _aLarcher, Louis-Julien (
_d1809-1865)
_9157153
245 1 4 _aLas mujeres juzgadas por las malas lenguas
_b: antología femenina /
_cformada por L.M. Larcher ; traducción de Francisco Lombardía.
260 _aMadrid :
_b[s.n.,
_c1922] (
_fImp. de Gabriel L. del Horno)
300 _a332 p. ;
_c23 cm.
500 _aÍndice.
650 4 _aMujeres-
_vCitas.
_9157152
700 1 _aLombardía, Francisco.
_973190
852 _aES-MaACL
_jF-14845
999 _c89214
_d89214